| 000 | 00435nam a2200181Ia 4500 | ||
|---|---|---|---|
| 001 | 7426 | ||
| 005 | 20260306160454.0 | ||
| 008 | 260306t2001||||xx |||||||||||||| ||spa|| | ||
| 041 | _aESP | ||
| 082 |
_a338.985 _bK88 |
||
| 100 |
_aKuczynski, Pedro Pablo _eAUT |
||
| 245 | 0 | _aEl reto 2001 competir y crear empleo | |
| 260 | _c2001 | ||
| 300 |
_a179 páginas : _c23 cm. |
||
| 650 | _aGEN | ||
| 654 | _aCAN | ||
| 942 |
_cLIB _dJUS _fJUS _2ddc _n |
||
| 999 |
_c7426 _d7426 |
||